000 00880nam a2200241 i 4500
001 58364
003 ES-MaACL
005 20250822063122.0
007 t|
008 031022s1901 fr ||||1| fre d
100 1 _aDurand, Joseph-Pierre,
_d1826-1900
_946252
245 1 0 _aQuestions de philosophie morale et sociale /
_cpar J.P. Durand ; publiè avec une introduction par D. Parodi.
260 _aParís :
_bF. Alcan,
_c1901 (
_eSaint-Dizier (Haute-Marne) :
_fJ. Thevenot)
300 _aXXXV, 179 p. ;
_c18 cm.
490 1 _aBibliothèque de philosophie contemporaine
504 _aBibliogr. p. [[XXXIII]-XXXV.
650 7 _aÉtica
_2embne
_912577
650 0 4 _aÉtica social
_912593
700 1 _aParodi, Dominique (
_d1870-1955)
_989205
830 0 _aBibliothèque de philosophie contemporaine
_9181027
852 _aES-MaACL
_jF-11979
999 _c58364
_d58364